[Event "Corus"]
[Site "Wijk aan Zee"]
[Date "2008.01.23"]
[Round "10"]
[White "Van Wely, Loek"]
[Black "Carlsen, Magnus"]
[Result "0-1"]
[WhiteElo "2681"]
[BlackElo "2733"]
[Annotator "Marin,M"]
[PlyCount "98"]
[EventDate "2008.01.12"]
[EventType "tourn"]
[EventRounds "13"]
[EventCountry "NED"]
[EventCategory "20"]
[SourceTitle "CBM 122"]
[Source "ChessBase"]
[SourceDate "2008.01.30"]
[SourceVersion "1"]
[SourceVersionDate "2008.01.30"]
[SourceQuality "1"]

{Both players had suffered losses in the previous round, which usually
generates a delicate psychological situation. Would they agree to a draw soon,
in order to recover properly, or, on the contrary... Well, let's see.} 1. d4
Nf6 2. c4 c5 3. d5 b5 {Not really a peaceful opening.} 4. cxb5 a6 5. bxa6 g6 6.
Nc3 Bxa6 7. Nf3 d6 8. g3 Bg7 9. Bg2 Nbd7 10. Rb1 Qa5 {This early development
of the queen is aimed to prevent White from regrouping properly.} 11. Bd2 $5 ({
Actually, a logical move. The enemy queen is put under indirect pressure
immediately. Carlsen had obtained good counterplay after} 11. O-O Nb6 {Now,
the c4-square is impossible to defend with the pawn, because the c3-knight is
hanging.} 12. a3 Nc4 {in his Candidate's match against Aronian, Elista 2007.
The position soon simplified and a draw was agreed.} 13. b4 Qc7 14. Qa4+ Nd7
15. Nb5 Qb8 16. bxc5 Bxb5 17. Qxb5 Qxb5 18. Rxb5 Nxc5 19. Nd2 Nxa3 20. Bxa3
Rxa3 21. Ne4 {1/2-1/2 Aronian,L (2759)-Carlsen,M (2693)/Elista 2007/CBM 119})
11... Nb6 {It does not look like a good idea to cut off the queen's retreat so
soon.} ({It is possible that Carlsen mixed up the move order. The main line
goes} 11... O-O 12. O-O Rfb8 13. b3 (13. Qc2 Nb6 14. b3 Qa3 {is just
transposing. Note that in this line the queen has occupied the a3-square with
the knight on b6, but after the c2-square had been occupied by the white queen.
}) 13... Qa3 14. Qc2 ({Here,} 14. Ne1 {has not been tried, but it should be
less efficient because the queen can retreat to c7 in case of emergency.})
14... Nb6 {Avrukh,B (2588)-Ponomariov,R (2616)/Batumi 1999/CBM 074/[Stohl] 
(0-1, 39)}) 12. b3 Qa3 {Following what must have been a "familiar path".} (
12... Bb7 13. O-O O-O 14. a4 Rad8 15. Qc2 Qa8 16. e4 $16 {Gladyszev,O (2443)
-Kostin,A (2385)/Sochi 2004/CBM 100 ext (1/2-1/2, 36)}) (12... O-O 13. O-O Rfb8
14. a4 $14 {[%csl Ga5]}) 13. O-O ({The attempt to force a draw with} 13. Bc1
Qb4 14. Bd2 {led to active black play after} Ne4 $5 15. Nxe4 Qxe4 16. Nh4 Qd4
$44 {Brunner,N (2435)-Vachier Lagrave,M (2595)/Paris 2007/CBM 119 ext (0-1, 45)
}) 13... O-O 14. Ne1 $1 {This move must have escaped Carlsen's attention.
Indeed, it had been played only once before.} ({The transfer of the bishop to
the other diagonal with} 14. Bc1 Qa5 15. Bb2 {is not too effective, because,
far from neutralising the g7-bishop, it just places his own bishop on
vulnerable squares, in view of the permanent threat of ...c4.} Rab8 16. Re1
Nfd7 17. Rc1 Ne5 18. Ba1 Nxf3+ 19. Bxf3 c4 $44 {[%csl Ga1] Taborov,B (2458)
-Kostiuk,T (2232)/Kiev 2002/EXT 2003 (1-0, 58)}) 14... Bb7 $146 (14... Nfd7 15.
Nc2 Qa5 16. Qe1 Bb7 17. a4 Qa6 18. Qd1 c4 19. Nb4 Qa5 20. Nc6 Bxc6 21. dxc6
Bxc3 22. b4 Qe5 23. cxd7 $16 {Malaniuk,V (2548)-Tirard,H (2399)/Krakow 2001/
EXT 2005 (1-0, 41)}) 15. Nc2 Qa6 16. e4 Ne8 17. a4 Nc7 18. Re1 {White has
completed his development in an acceptable way, while Black's counterplay has
not really started yet.} Rae8 {Since 3 of Black's minor pieces are hitting on
the well defended d5-pawn, it is just logical to prepare the opening of the
centre with ...e6. However, the rook's departure from the queenside will allow
White to get strong initiative on what is traditionally considered "Black's
territory" in the Volga Gambit.} (18... e6 19. a5 (19. Ne3 $16 {[%csl Gd5]})
19... Nd7 (19... Qxa5 $2 20. Ra1 $18) 20. b4 $5 cxb4 21. Nxb4 Qxa5 22. Nc6 Bxc6
(22... Qa6 23. Bf1 $18) 23. dxc6 Bxc3 24. Bxc3 Qxc3 25. Rc1 Qe5 26. cxd7 $36 {
[%csl Rc7,Gd7]}) 19. b4 $1 {It is clear now that something has gone terribly
wrong for Black.} Nd7 20. Nb5 $5 ({White had many ways to obtain a crushing
advantage. Van Wely opts for a dynamic solution, which will yield him a
winning position soon. A more static approach, but equally unpleasant for
Black, would be} 20. b5 Qa5 21. Re3 $1 {After this rook lift, White threatens
to push the enemy queen away with Ne2, for instance} Nb6 22. Ne2 $1 Qxa4 {
(This loses immediately, but if the queen retreats the game would not last too
long either after the gradual but unstoppable advance of the passed pawns)} 23.
Ra3 Qc4 24. Ne3 $19) 20... Rc8 (20... Nxb5 21. axb5 Qxb5 $2 22. bxc5 Qa6 23. c6
$18) 21. Bh3 f5 22. Bg5 Ne5 23. bxc5 Qxa4 24. Nxc7 Rxc7 25. c6 {White has not
only preserved his extra pawn, but has pushed it on to the 6th rank as well!
Black's position is hopeless. In the next phase of the game, Carlsen will
desperately try to fish in muddy waters.} Bc8 26. exf5 Rxf5 $5 {Hoping to get
the d5-pawn some day... which will actually happen in the game...} 27. f4 Nc4
28. Rb4 Qa7+ 29. Kg2 Qc5 30. Rb8 Nb2 31. Qf3 Qxc2+ 32. Re2 Qb1 33. Bxf5 Qxf5
34. g4 Qf7 35. Bxe7 h5 36. Bxd6 hxg4 37. Qe4 Kh7 {On each move, White has a
choice between several completely winning moves, his main concern being to
avoid any form of black counterplay. This is quite tiring, especially since
the position looks a bit unusual.} 38. Bxc7 $6 ({After this (also winning)
move, White will lose the d5-pawn, allowing Black to activate his play in a
still completely losing position. Froma practical point of view, it would have
been better to play} 38. Rexb2 {in order to make the c4-square available for
the queen (for the eventuality of ...Bf5). After} Bxb2 {White can play} 39.
Bxc7 {already.}) 38... Bf5 {The situation has become slightly obscure. In
order to retain his decisive advantage, White has to do some calculation.} 39.
Qe3 $6 ({This move, probably dictated by the natural desire to keep his own
king defended, throws away the biggest part of the advantage. From a practical
point of view,} 39. Rh8+ $1 {would have been the simplest way to a win,
because it would have led to the forced exchange of queens and the unstoppable
advance of the far advanced passed pawns.}) ({In the heat of the fight and
under time pressure it is not easy to spot the other winning move} 39. Qe7 {
, creating the unpleasant threat of Qh4+. The point is that after} Qxd5+ 40.
Kg1 ({But not} 40. Kg3 $4 {because of} Qf3+ {followed by mate. In fact, if you
see this during the game, you do not feel like investigating the consequences
of 39.Qe7 anymore)}) 40... Qd1+ 41. Kf2 Qd4+ 42. Kg3 Qg1+ 43. Kh4 {the king
escapes from checks and is ready to participate in the creation of a mating
net around his counterpart!}) 39... Qxd5+ 40. Kg3 $2 ({After this new
inaccuracy, the game should end in a draw. The paradoxical} 40. Kg1 $5 {
would have retained some advantage for White, because the apparently winning}
Bd4 {(By the way, Black has nothing better)} 41. Rh8+ $1 {followed by Be5(+)
would again force favourable simplifications. It is true that after the
elimination of the d5-pawn things are not the same as after 39.Rh8!+...}) 40...
Nc4 41. Qf2 $2 ({The losing move. It must have been hard for van Wely to
switch from choosing between several absolutely winning moves mode to finding
the only saving move. Anyway, it was essential to keep the third rank defended
with} 41. Qb3 {when after} Qh1 42. Be5 {the game should end in a draw by
perpetual.}) 41... Qd3+ 42. Kg2 Be4+ {Black's attack is decisive now. Unlike
his opponent, Carlsen adapted himself to the new circumstances perfectly.} 43.
Rxe4 Qxe4+ 44. Kf1 Qd3+ 45. Qe2 Nd2+ 46. Ke1 Nf3+ 47. Kf1 Nxh2+ 48. Ke1 Bc3+
49. Kf2 g3+ 0-1

[Event "Morelia/Linares 25th"]
[Site "Morelia/Linares"]
[Date "2008.02.15"]
[Round "1"]
[White "Carlsen, Magnus"]
[Black "Ivanchuk, Vassily"]
[Result "1/2-1/2"]
[WhiteElo "2733"]
[BlackElo "2751"]
[Annotator "Ftacnik,L"]
[PlyCount "78"]
[EventDate "2008.02.15"]
[EventType "tourn"]
[EventRounds "14"]
[EventCountry "ESP"]
[EventCategory "21"]
[SourceTitle "CBM 123"]
[Source "ChessBase"]
[SourceDate "2008.04.02"]
[SourceVersion "1"]
[SourceVersionDate "2008.04.02"]
[SourceQuality "1"]

1. e4 c5 2. Nf3 d6 3. d4 cxd4 4. Nxd4 Nf6 5. Nc3 a6 6. Be3 e5 7. Nf3 Be7 8. Bc4
O-O 9. O-O Be6 10. Bb3 Nc6 11. Qe2 Na5 12. Rfd1 Nxb3 13. cxb3 {Recapturing
with the c-pawn is not desirable, but Carlsen believes in the advantages it
carries. Opening of the c-file invites activity by White's rook, also the
knight move to d5 will gain in impact.} Nd7 (13... Qe8 14. Ne1 (14. Bg5 Nh5 15.
Nd2 f5 16. Bxe7 {1/2 Movsesian,S (2632)-Babula,V (2585)/Czechia 2006}) 14...
Ng4 (14... h6 15. Nc2 Qd7 16. Nb4 Rfc8 17. f3 Bd8 18. Rd3 a5 19. Nbd5 Nxd5 20.
Nxd5 a4 21. bxa4 Rxa4 22. b3 {1-0 Carlsen,M (2675)-Nunn,J (2617)/Amsterdam
2006 (45)}) 15. Nc2 f5 16. f3 Nxe3 17. Nxe3 fxe4 18. Nxe4 Rd8 19. Nd5 Qf7 20.
Qd3 Bxd5 21. Qxd5 Qxd5 22. Rxd5 Kf7 23. Rad1 Ke6 $11 {0-1 Carlsen,M (2698)
-Karjakin,S (2672)/Cap d'Agde 2006 (50)}) 14. Nd2 Qc7 15. Rac1 Rfc8 16. Nd5 Qd8
{Ivanchuk is much too strong to fall for the simple trick of the black rook
being hit by the e3-bishop later in the tactical line.} (16... Qxc1 $2 17.
Nxe7+ Kf8 18. Rxc1 Rxc1+ 19. Nf1 Rxf1+ 20. Kxf1 Kxe7 21. Qc2 Kd8 22. f4 $16)
17. Rxc8 (17. Nxe7+ Qxe7 18. Nc4 Rc6 19. Na5 Rxc1 20. Rxc1 h6 21. Nxb7 Nf6 22.
Na5 Nxe4 $11) 17... Rxc8 18. Nxe7+ Qxe7 19. Nc4 Bxc4 {Black was surely
confident, that he could hold the position even though White will now have
reason to fight for more.} (19... Rc6 20. Na5 Rc7 21. Qd2 Nf8 22. Qb4 Rd7 23.
f3 $14) 20. bxc4 Nc5 21. b3 (21. f3 Ne6 22. g3 Rc6 $14) 21... Rc6 (21... Nxe4
$2 22. Qg4 $18) 22. Qc2 h6 23. g3 Qc7 24. Kg2 (24. Bxc5 Rxc5 25. Qd2 Rc6 26.
Qd5 $14) 24... Nd7 25. Qd3 Nf6 26. a4 Nd7 27. h3 (27. b4 Rxc4 28. Bc5 b5 $11)
27... Kf8 $2 {The king has decided to help with the support of the vulnerable
d6-pawn, but the move has a serious flaw.} (27... Qa5 28. Qe2 Qb4 29. Rd3 Nc5
30. Bxc5 Qxc5 $14) 28. Bc1 $6 {[%mdl 64] The last truly exciting moment of
this game has passed without either playersreally noticing. Carlsen misses a
golden chance to create serious problems with the b-pawn advance.} (28. b4 $5
Rxc4 (28... Nf6 $6 29. b5 Rxc4 30. Bb6 Qc8 31. Qxd6+ Kg8 32. Qe7 Qe6 33. Rd8+
Kh7 34. Qxe6 fxe6 35. bxa6 bxa6 36. a5 Nxe4 37. Ra8 $16) (28... a5 29. c5 axb4
30. cxd6 Qa5 31. Qb3 Ra6 32. Bd2 Qxa4 33. Rc1 $16) 29. Bc5 Rxc5 30. bxc5 Nxc5
31. Qxd6+ Qxd6 32. Rxd6 Nxa4 33. Rd5 f6 (33... Nc3 $2 34. Rxe5 f6 35. Rc5 Nxe4
36. Rc8+ Ke7 37. Rc7+ $16) 34. Rd8+ Ke7 35. Rg8 Kf7 36. Rc8 b6 37. Rc7+ Kg6 (
37... Kf8 38. Rb7 Nc5 (38... b5 39. Kf3 $16) 39. Rxb6 Nxe4 40. Rxa6 $16) 38. f4
exf4 39. gxf4 Nc5 40. Kf3 a5 41. Rc6 $16) 28... Nc5 29. Qf3 Qb6 30. Ba3 Qxb3
31. Qxb3 Nxb3 32. Bxd6+ Kg8 33. Bxe5 Rxc4 34. Rd8+ Kh7 35. Rd7 Rxe4 36. f4 {
White's pieces are active enough to secure draw.} Kg8 (36... Kg6 37. Rxb7 Nc5
38. Rb6+ f6 39. Bd6 Nxa4 40. Rxa6 $11) 37. Rd8+ Kh7 38. Rd7 Kg8 39. Rd8+ Kh7
1/2-1/2

[Event "Morelia/Linares 25th"]
[Site "Morelia/Linares"]
[Date "2008.02.19"]
[Round "4"]
[White "Carlsen, Magnus"]
[Black "Leko, Peter"]
[Result "1/2-1/2"]
[WhiteElo "2733"]
[BlackElo "2753"]
[Annotator "Krasenkow,M"]
[PlyCount "81"]
[EventDate "2008.02.15"]
[EventType "tourn"]
[EventRounds "14"]
[EventCountry "ESP"]
[EventCategory "21"]
[SourceTitle "CBM 123"]
[Source "ChessBase"]
[SourceDate "2008.04.02"]
[SourceVersion "1"]
[SourceVersionDate "2008.04.02"]
[SourceQuality "1"]

1. d4 Nf6 2. c4 e6 3. Nc3 Bb4 4. Qc2 O-O 5. a3 Bxc3+ 6. Qxc3 b6 7. Bg5 Bb7 8.
e3 d6 9. Ne2 Nbd7 10. Qc2 c5 11. Rd1 cxd4 {Black demonstrates the most
accurate order of moves.} (11... Qc7 12. Nc3 cxd4 13. Rxd4 a6 {- see CBM 121,
game Morozevich-Beliavsky.}) 12. Rxd4 h6 $1 13. Bh4 Qc7 14. Nc3 d5 {This is
now more appropriate than without ...h7-h6 Bg5-h4.} 15. Bg3 (15. cxd5 Nxd5 $1 (
15... Bxd5 $143 16. f3) {as now} 16. Bd3 {doesn't attack the h7-pawn.}) 15...
e5 16. cxd5 Bxd5 $1 $146 {[%mdl 8] This is stronger than} (16... Nxd5 17. Rc4
Qb8 (17... Qd6 $5) 18. Be2 N7f6 19. O-O Ba6 20. Nxd5 Nxd5 21. Bf3 Rd8 22. Rd4
Bxf1 23. Rxd5 Ba6 24. Bxe5 Qc8 25. Rxd8+ Qxd8 26. Bxa8 Qxa8 {1/2-1/2 Bareev,
E-Grischuk,A/Khanty-Mansiysk 2007/CBM 122 (72) - Black survived in this
endgame.}) 17. Be2 Rac8 {Black plays safely but apparently it was quite
possible to take the pawn:} (17... Bxg2 18. Rg1 Bd5 (18... Qb7 $5) 19. Rh4 $44
Rfd8 20. Rxh6 $140 Be4 $1) 18. e4 Bc6 19. f3 Nh5 20. Rd2 Nxg3 21. hxg3 Nf6 $11
22. O-O Qe7 23. Rfd1 Bd7 24. Ba6 Rc7 25. Qd3 Be6 26. Qd6 Bb3 27. Nb5 Qxd6 28.
Rxd6 Bxd1 (28... Rc5 $5 29. R1d2 Rc1+ 30. Kh2 Bc4 $132) 29. Nxc7 Ba4 30. Rd3
Rb8 31. b3 Bd7 32. Nb5 Bxb5 33. Bxb5 Rc8 34. Ba6 Rc1+ 35. Kf2 Kf8 36. Rd8+ Ke7
37. Ra8 Rc7 38. g4 h5 39. gxh5 Nxh5 40. Bc4 Nf4 41. g3 1/2-1/2

[Event "Morelia/Linares 25th"]
[Site "Morelia/Linares"]
[Date "2008.02.20"]
[Round "5"]
[White "Topalov, Veselin"]
[Black "Carlsen, Magnus"]
[Result "0-1"]
[WhiteElo "2780"]
[BlackElo "2733"]
[Annotator "Rogozenco,D"]
[PlyCount "88"]
[EventDate "2008.02.15"]
[EventType "tourn"]
[EventRounds "14"]
[EventCountry "ESP"]
[EventCategory "21"]
[SourceTitle "CBM 123"]
[Source "ChessBase"]
[SourceDate "2008.04.02"]
[SourceVersion "1"]
[SourceVersionDate "2008.04.02"]
[SourceQuality "1"]

1. e4 Nf6 2. e5 Nd5 3. d4 d6 4. Nf3 dxe5 5. Nxe5 c6 {Most likely Carlsen's
opening choice came as a surprise to Topalov, although Magnus has already used
this system before.} 6. Bd3 ({The natural looking} 6. c4 {is inaccurate. After}
Nb4 {Black suddenly develops an initiative, threatening to take on d4 followed
by the check on c2. Therefore White must place the knight on a3, after which
Black easily achieves comfortable play:} 7. Be3 Bf5 8. Na3 (8. Nd3 e5 $1 $36)
8... Nd7 $11) ({Besides 6.Bd3, other attempts to fight for the advantage are} 
6. Be2) ({and} 6. Bc4) 6... Nd7 {This is the main idea of Black's setup: to
exchange the exposed knight and achieve a very solid position.} 7. Nxd7 {
In my opinion this is harmless for Black.} ({When he was 13-years old, Carlsen
lost against} 7. O-O {which is actually the strongest continuation:} Nxe5 (7...
g6 {is the alternative}) 8. dxe5 Nb4 (8... g6 $142 $14 {/=}) 9. Be4 Qxd1 10.
Rxd1 f5 11. a3 Na6 12. Bf3 g6 13. Nd2 Be6 14. Be2 Nc7 15. Nf3 Bd5 16. Nd4 Bg7
17. c4 Bf7 18. f4 $14 {Sutovsky,E (2639)-Carlsen,M (2385)/Rethymnon 2003.}) (7.
Nf3 N7f6 8. h3 Nb4 $1 9. Bc4 Bf5 10. Bb3 a5 $1 $11) 7... Bxd7 8. O-O g6 9. Nd2
({Somewhat better is} 9. Re1 Bg7 10. c3 O-O 11. Bg5 {although Black hardly has
any opening problems.}) 9... Bg7 10. Nf3 O-O 11. Re1 ({More cautious is} 11. h3
$11) 11... Bg4 $1 12. c3 c5 $1 {Carlsen's fight for the initiative is
justified: Black leads in development and uses his bishops to create pressure
on White's centre.} 13. Be4 ({Although after} 13. dxc5 {Black has} Nxc3 $1 14.
bxc3 Bxc3 {White is only slightly worse:} 15. Bh6 Bxe1 (15... Re8 $2 16. Re3
$18) (15... Bxa1 $2 16. Qxa1 $18) 16. Qxe1 Qxd3 17. Ne5 (17. Qe5 $2 f6 18. Qxe7
Rf7) 17... Qd4 18. c6 (18. Bxf8 Kxf8 19. Nxg4 Qxg4 $17) 18... bxc6 19. Nxc6 Qf6
20. Nxe7+ Kh8 21. Nd5 Qd4 22. Bxf8 Rxf8 23. Ne3 Be6 24. Rd1 $15 {/=}) 13...
cxd4 14. cxd4 e6 {A dream position for Black, who has perfectly placed pieces
against the isolated pawn.} 15. Qb3 $6 ({After} 15. h3 Bxf3 16. Bxf3 Qb6 17.
Bxd5 exd5 18. Be3 {White has better chances to achieve a draw. For instance:}
Qxb2 19. Qd3 Qb6 20. Rab1 Qc7 21. Rb5 Rfd8 22. Qb3 {regaining the pawn.}) 15...
Bxf3 $1 {Very concrete. Black wins the central pawn.} 16. Bxf3 Bxd4 17. Bxd5
Qxd5 18. Qxd5 exd5 19. Rd1 Bg7 $17 20. Kf1 (20. Rxd5 {does not restore
material equality:} Rfd8 21. Rxd8+ Rxd8 22. Be3 (22. Kf1 Rd1+ 23. Ke2 Rh1 {
is just bad for White}) 22... b6 23. Rb1 Bxb2 {with a healthy pawn up.}) 20...
Rfd8 21. Bg5 Rd7 22. Rd2 h6 23. Be3 d4 24. Rd3 Rc8 25. Bd2 Rc2 {Black is a
pawn up and has more active pieces. Carlsen converts it convincingly into a
full point.} 26. Rb1 Re7 27. a4 f5 28. b3 Rec7 (28... Kf7 29. Rc1 Rxc1+ 30.
Bxc1 Ke6 $17 {/-+}) 29. Be1 Kf7 30. Rd2 Rc1 31. Rxc1 Rxc1 32. Ke2 Rb1 $1 33.
Rd3 Ke6 34. h4 Kd5 $19 35. Bd2 Ke4 36. Rg3 f4 37. Rd3 Be5 38. f3+ Kd5 39. Be1
Bd6 40. Bd2 g5 41. hxg5 hxg5 42. Be1 g4 43. fxg4 Ke4 44. g5 Ke5 0-1